000 006140000a22001810004500
003 MACL
005 20160518161809.0
008 160518b xxu||||| |||| 00| 0 eng d
040 _aMACL
_cMACL
041 _aHindi
082 _a891.433
100 _aझारी, विजयदेव
_946020
245 _aमुस्लिम परिवेश की विशिष्‍ट कहानियॉ
_cविजयदेव झारी
260 _bइण्डियन बुक बैंक
_c2001
_aदिल्‍ली
350 _a200
650 _aStories
_958035
942 _cHIN
_k800/JHA/S
_2ddc
999 _c10975
_d10975